00485nam a2200157 450000500170000001000150001702000260003203500140005803700090007208200060008110000210008724500690010826000470017727000830022430000200030720250402161145.0 aENG-144448 a9789357316194c399.00 aEN-127980 bDBAD aS aReddy, Samhitha  aThe Jyotirlingas: bTales of the Twelve Shrines/cSamhitha Reddy aGurugrambHachette Books Publishing c2024 a4th and 5th Floor, Corporate Centre, Plot No.-94, Sector 44,bGurugrame122003 a242p.c20cm(pb)